000 00365nam a2200157Ia 4500
008 151213s9999 xx 000 0 und d
100 _aD. A. Ball
245 _aInternational Business
_cD. A. Ball
250 _a6th
260 _aLondon
_bIrwin
_c1997
300 _a2703 p.
650 _aManagement
650 _aMnagement
700 _aD. A. Ball
999 _c1815
_d1815